00794nam a2200253 a 4500001001300000003000900013005001700022008004100039020002600080082001500106100002200121245004800143260005000191300000900241500003500250505002400285650002900309650003400338700002200372902000800394942000700402952011600409999001500525nice12345678IN_TiNIC20260116012842.0050524s1973 evaa grp 000 0 eng  a0810108 c291.5500a142.7bNAT aNatanson, Maurice aPhenomenology and the Social Sciences Vol.1 aEvanstonbNorthwestern University Pressc1973 a464p aincludes index and biblioraphy2 aBibliography, Index aPhilosophy-Phenomenology aPhenomenology-Social Sciences1 aNatanson, Maurice bSRS cBK 001040708StackRoom-aHMIbHMId2007-03-15g291.55l0o142.7 NATp014847r2007-03-15v291.55w2005-05-24yBK c8646d8646